|
|
|
|
| LEADER |
00000nam0a2200000 4500 |
| 001 |
251154 |
| 005 |
20231101232630.0 |
| 010 |
|
|
|a 5256002716
|
| 020 |
|
|
|a RU
|b 89-20361
|
| 035 |
|
|
|a (RuTPU)RU\TPU\book\273419
|
| 090 |
|
|
|a 251154
|
| 100 |
|
|
|a 20140219d1989 k a0rusy5003 ca
|
| 101 |
0 |
|
|a rus
|
| 102 |
|
|
|a RU
|
| 105 |
|
|
|a a z 001zy
|
| 200 |
1 |
|
|a Система передачи K-1020С
|f под ред. Л. Т. Кима, Э. З. Рапопорта
|
| 210 |
|
|
|a Москва
|c Радио и связь
|d 1989
|
| 215 |
|
|
|a 240 с.
|c ил.
|
| 320 |
|
|
|a Библиогр.: с. 237-238 (24 назв.)
|
| 606 |
1 |
|
|a Электрическая связь, многоканальная
|x Аппапаратура
|2 stltpush
|3 (RuTPU)RU\TPU\subj\26861
|9 50697
|
| 610 |
1 |
|
|a кабели связи
|
| 610 |
1 |
|
|a система передачи
|
| 610 |
1 |
|
|a линии передачи
|
| 610 |
1 |
|
|a проектирование
|
| 610 |
1 |
|
|a настройки
|
| 610 |
1 |
|
|a обслуживание
|
| 610 |
1 |
|
|a эксплуатация
|
| 675 |
|
|
|a 621.395.4
|z rus
|
| 702 |
|
1 |
|a Ким
|b Л. Т.
|g Лев Тонович
|4 340
|
| 702 |
|
1 |
|a Рапопорт
|b Э. З.
|g Эдуард Зиновьевич
|4 340
|
| 801 |
|
0 |
|a RU
|b RuMRKP
|c 19950417
|g psbo
|
| 801 |
|
1 |
|a RU
|b 63413507
|c 20140219
|
| 801 |
|
2 |
|a RU
|b 63413507
|c 20140227
|g RCR
|
| 942 |
|
|
|c BK
|